000 01722nam0a2200457 4500
001 RU\NLR\bibl\386533
005 20260524042354.0
010 _a5-9265-0067-2
_93000
021 _aRU
_b2003-4832
_9223
035 _a(NLR Aleph) 000380888
090 _a454870
_c454870
100 _a20030317d2002 |||y0rusy50 ca
101 0 _arus
102 _aRU
105 _aa |||||||||
200 1 _aНиколай Губенко
_eРежиссер и актер
_fЕвгений Громов
_gГос. ин-т искусствоведения
210 _aМ.
_cАлгоритм
_d2002
215 _a284, [2] с., [16] л. ил.
_d21
225 1 _aРусский Олимп
_eРС
320 _aБиблиогр.: с. 282-285
600 1 _aГубенко
_bН. Н.
_gНиколай Николаевич
_2psbo
600 1 _aГубенко
_bН.Н.
_f1941 - 2020
_gНиколай Николаевич
_9951399
_3RU\NLR\auth\66353780
610 0 _aАктерское искусство
610 0 _aРежиссура
610 0 _aКино в Российской Федерации
610 0 _aРусский драматический театр
675 _a[792.2
_v3
_zrus
675 _a929Губенко
_v3
_zrus
675 _a791.43].071.1
_v3
_zrus
686 _a18.45
_2rugasnti
686 _a85.334.3(2)
_2rubbk
686 _aЩ334.3(2Р=Рус)7-86Губенко
686 _aЩ374.3(2Р)7-86Губенко
700 1 _4070
_7ca
_8rus
_aГромов
_bЕ. С.
_gЕвгений Сергеевич
_9116389
_3RU\NLR\auth\776435
801 0 _aRU
_bRKP
_c20030317
_gPSBO
801 1 _aRU
_bRKP
_c20030317
801 2 _aRU
_bNLR
_c20030430
_grcr
942 _cBOOK
980 _aNB